<?xml version="1.0" encoding="UTF-8"?>
<record
    xmlns:xsi="http://www.w3.org/2001/XMLSchema-instance"
    xsi:schemaLocation="http://www.loc.gov/MARC21/slim http://www.loc.gov/standards/marcxml/schema/MARC21slim.xsd"
    xmlns="http://www.loc.gov/MARC21/slim">

  <leader>03141nmm a22003857a 4500</leader>
  <controlfield tag="001">046816</controlfield>
  <controlfield tag="003">UAHC_CL</controlfield>
  <controlfield tag="005">20260507122404.0</controlfield>
  <controlfield tag="007">ta</controlfield>
  <controlfield tag="008">260507s2024  cl        o  d000   spspa d</controlfield>
  <datafield tag="040" ind1=" " ind2=" ">
    <subfield code="a">UAHC_CL</subfield>
    <subfield code="c">UAHC_CL</subfield>
    <subfield code="d">UAHC_CL</subfield>
  </datafield>
  <datafield tag="100" ind1=" " ind2=" ">
    <subfield code="a">S&#xE1;nchez Moreno, Sebasti&#xE1;n</subfield>
    <subfield code="9">23448</subfield>
  </datafield>
  <datafield tag="245" ind1="1" ind2="3">
    <subfield code="a">La construcci&#xF3;n del curr&#xED;culum y su impacto en la identidad  territorial</subfield>
    <subfield code="c">Sebasti&#xE1;n S&#xE1;nchez Moreno ; profesor gu&#xED;a Fabian E. Gonz&#xE1;lez Calder&#xF3;n.</subfield>
  </datafield>
  <datafield tag="264" ind1=" " ind2=" ">
    <subfield code="a">Santiago, Chile :</subfield>
    <subfield code="b">Universidad Academia de Humanismo Cristiano,</subfield>
    <subfield code="c">2024.</subfield>
  </datafield>
  <datafield tag="300" ind1=" " ind2=" ">
    <subfield code="a">57 p&#xE1;ginas.</subfield>
  </datafield>
  <datafield tag="500" ind1=" " ind2=" ">
    <subfield code="a">Tesis para optar al grado de Licenciado en Educaci&#xF3;n y al T&#xED;tulo de Profesor en Educaci&#xF3;n Media de Historia y Ciencias Sociales.</subfield>
  </datafield>
  <datafield tag="502" ind1=" " ind2=" ">
    <subfield code="a">Tesis (Pedagog&#xED;a en Historia) -- Universidad Academia de Humanismo Cristiano, 2024.</subfield>
  </datafield>
  <datafield tag="516" ind1=" " ind2=" ">
    <subfield code="a">Tesis electr&#xF3;nica (PDF). Solicitar env&#xED;o de documento a biblioteca@academia.cl.</subfield>
  </datafield>
  <datafield tag="520" ind1=" " ind2=" ">
    <subfield code="a">El presente trabajo aborda la relevancia del contexto curricular en el sistema educativo chileno, destacando la coexistencia de diversas realidades culturales y territoriales que influyen en los procesos de ense&#xF1;anza. Se plantea que los docentes enfrentan la disyuntiva entre seguir el curr&#xED;culum oficial o adaptarlo a las experiencias cotidianas de los estudiantes, promoviendo una ense&#xF1;anza m&#xE1;s contextualizada. Aunque han existido avances en esta l&#xED;nea, como el paso desde los Contenidos M&#xED;nimos Obligatorios a las Bases Curriculares, a&#xFA;n persiste una rigidez que limita la integraci&#xF3;n efectiva de los contextos locales.
Esta situaci&#xF3;n contribuye a la reproducci&#xF3;n de desigualdades, evidenciadas en la diferencia entre establecimientos c&#xE9;ntricos y perif&#xE9;ricos. Los primeros cuentan con mejores condiciones y logran mayores resultados acad&#xE9;micos, mientras que los segundos, ubicados en contextos vulnerables urbanos o rurales, enfrentan mayores dificultades de acceso, recursos y continuidad educativa.
El texto propone la contextualizaci&#xF3;n curricular como una estrategia para reducir estas brechas, fortaleciendo el v&#xED;nculo entre escuela, comunidad y experiencias del estudiantado. En este sentido, disciplinas como la historia pueden contribuir al rescate de identidades locales y memorias colectivas. Finalmente, la investigaci&#xF3;n busca analizar experiencias docentes y tensiones entre teor&#xED;a y pr&#xE1;ctica, con el fin de aportar a la construcci&#xF3;n de un sistema educativo m&#xE1;s equitativo, pertinente y conectado con la realidad de los estudiantes.</subfield>
  </datafield>
  <datafield tag="650" ind1=" " ind2="0">
    <subfield code="a">Educaci&#xF3;n</subfield>
    <subfield code="x">Curr&#xED;culum</subfield>
    <subfield code="9">6501</subfield>
  </datafield>
  <datafield tag="650" ind1=" " ind2="0">
    <subfield code="a">Pol&#xED;tica educativa</subfield>
    <subfield code="9">4263</subfield>
  </datafield>
  <datafield tag="650" ind1=" " ind2="0">
    <subfield code="a">Educaci&#xF3;n</subfield>
    <subfield code="x">Aspectos sociales</subfield>
    <subfield code="9">48</subfield>
  </datafield>
  <datafield tag="650" ind1=" " ind2="0">
    <subfield code="a">Educaci&#xF3;n multicultural</subfield>
    <subfield code="9">434</subfield>
  </datafield>
  <datafield tag="650" ind1=" " ind2="0">
    <subfield code="a">Pr&#xE1;cticas de la ense&#xF1;anza</subfield>
    <subfield code="9">5994</subfield>
  </datafield>
  <datafield tag="650" ind1=" " ind2="0">
    <subfield code="a">Escuelas comunitarias</subfield>
    <subfield code="9">23449</subfield>
  </datafield>
  <datafield tag="650" ind1=" " ind2="0">
    <subfield code="a">Historia</subfield>
    <subfield code="x">Ense&#xF1;anza</subfield>
    <subfield code="9">12264</subfield>
  </datafield>
  <datafield tag="653" ind1=" " ind2=" ">
    <subfield code="a">Adaptaci&#xF3;n curricular</subfield>
  </datafield>
  <datafield tag="653" ind1=" " ind2=" ">
    <subfield code="a">Contexto sociocultural</subfield>
  </datafield>
  <datafield tag="653" ind1=" " ind2=" ">
    <subfield code="a">Educaci&#xF3;n p&#xFA;blica</subfield>
  </datafield>
  <datafield tag="653" ind1=" " ind2=" ">
    <subfield code="a">Educaci&#xF3;n en contextos vulnerables</subfield>
  </datafield>
  <datafield tag="653" ind1=" " ind2=" ">
    <subfield code="a">Brechas educativas</subfield>
  </datafield>
  <datafield tag="700" ind1=" " ind2=" ">
    <subfield code="a">Gonz&#xE1;lez Calder&#xF3;n, Fabi&#xE1;n</subfield>
    <subfield code="9">6109</subfield>
    <subfield code="e">profesor gu&#xED;a</subfield>
  </datafield>
  <datafield tag="900" ind1=" " ind2=" ">
    <subfield code="a">TPHIS 266</subfield>
  </datafield>
  <datafield tag="942" ind1=" " ind2=" ">
    <subfield code="c">TS</subfield>
    <subfield code="2">ddc</subfield>
  </datafield>
  <datafield tag="999" ind1=" " ind2=" ">
    <subfield code="c">63683</subfield>
    <subfield code="d">63683</subfield>
  </datafield>
  <datafield tag="952" ind1=" " ind2=" ">
    <subfield code="0">0</subfield>
    <subfield code="1">0</subfield>
    <subfield code="4">0</subfield>
    <subfield code="7">0</subfield>
    <subfield code="8">COMP</subfield>
    <subfield code="B">PHIS</subfield>
    <subfield code="a">BC</subfield>
    <subfield code="b">BC</subfield>
    <subfield code="c">Digital</subfield>
    <subfield code="d">2026-05-07</subfield>
    <subfield code="l">0</subfield>
    <subfield code="o">TPHIS 266</subfield>
    <subfield code="r">2026-05-07 12:24:24</subfield>
    <subfield code="w">2026-05-07</subfield>
    <subfield code="y">TS</subfield>
    <subfield code="z">Documento en PDF</subfield>
  </datafield>
</record>
